000 00302nam a2200121Ia 4500
008 240731s9999 xx 000 0 und d
022 _a1179-3198
245 0 _aPatient Intelligence
260 _bDove Medical Press
856 _uhttps://www.tandfonline.com/loi/dpin20
942 _2ddc
942 _cTFEJ
999 _c78873
_d78873
945 _a1
_bMadushi Gamage
_c1
_dMadushi Gamage